[Event "21st Delhi Open 2025"]
[Site "New Delhi IND"]
[Date "2025.06.14"]
[Round "10.13"]
[White "Manik, Mikulas"]
[Black "Hari Madhavan N B"]
[Result "1/2-1/2"]
[WhiteTitle "GM"]
[BlackTitle "IM"]
[WhiteElo "2266"]
[BlackElo "2386"]
[EventDate "2025.06.07"]

1. e4 e5 2. Nf3 Nc6 3. Bb5 a6 4. Ba4 Nf6 5. d3 d6 6. c3 g6 7. O-O Bg7 8.
Re1 O-O 9. h3 b5 10. Bc2 Bb7 11. Nbd2 Re8 12. d4 exd4 13. cxd4 Nd7 14. Nf1
Nb4 15. Bb3 c5 16. a3 Nc6 17. dxc5 Nxc5 18. Bd5 Qc7 19. Rb1 Ne5 20. Nxe5
dxe5 21. Ne3 Nxe4 22. Qf3 Ng5 23. Qg3 Ne6 24. Bxb7 Qxb7 25. Ng4 Nd4 26. Bg5
Re6 27. Rbd1 Rae8 28. Kh1 Nf5 29. Qb3 h5 30. Ne3 Nd4 31. Qa2 f6 32. Bh4 Qf7
33. f3 f5 34. Nd5 Kh8 35. Nb4 Kg8 36. Nd5 Kh7 37. Nb4 Qg8 38. Bf2 a5 39.
Nd3 Rd6 40. Qxg8+ Kxg8 41. f4 e4 42. Nc5 a4 43. Rd2 Rc8 44. b4 Re8 1/2-1/2

[Event "21st Delhi Open 2025"]
[Site "New Delhi IND"]
[Date "2025.06.14"]
[Round "10.14"]
[White "Agibileg, Uurtsaikh"]
[Black "Sharnarthi Viresh"]
[Result "1-0"]
[WhiteTitle "IM"]
[WhiteElo "2384"]
[BlackElo "2236"]
[EventDate "2025.06.07"]

1. d4 Nf6 2. c4 g6 3. Nc3 Bg7 4. e4 d6 5. Be2 O-O 6. Nf3 e5 7. O-O Nbd7 8.
Be3 Qe7 9. d5 Nc5 10. Nd2 a5 11. b3 Kh8 12. a3 Ng8 13. b4 Na6 14. c5 Bh6
15. Bxh6 Nxh6 16. c6 b6 17. Nc4 f5 18. f4 Rb8 19. fxe5 b5 20. exd6 Qg7 21.
Nxb5 Rxb5 22. d7 axb4 23. dxc8=Q Rxc8 24. Nd6 cxd6 25. Bxb5 Nc5 26. axb4
Nxe4 27. Ra3 Ng4 28. Qa1 Ngf6 29. Ra8 Rxa8 30. Qxa8+ Ng8 31. Qa1 Nc3 32. c7
Qd4+ 33. Kh1 Ne7 34. Rc1 Nxb5 35. Qxd4+ Nxd4 36. Re1 1-0

[Event "21st Delhi Open 2025"]
[Site "New Delhi IND"]
[Date "2025.06.14"]
[Round "10.15"]
[White "Slizhevsky, Alexander"]
[Black "Bhoir Paras Dilip"]
[Result "0-1"]
[WhiteTitle "IM"]
[WhiteElo "2372"]
[BlackElo "2249"]
[EventDate "2025.06.07"]

1. e4 c5 2. Nf3 Nc6 3. d4 cxd4 4. Nxd4 Nf6 5. Nc3 e5 6. Ndb5 d6 7. Bg5 a6
8. Na3 b5 9. Bxf6 gxf6 10. Nd5 f5 11. Bd3 Be6 12. O-O Bxd5 13. exd5 Ne7 14.
Re1 Bg7 15. c3 O-O 16. Qh5 e4 17. Bf1 Qc8 18. Rad1 Ng6 19. g3 Re8 20. Bh3
Qc5 21. Nc2 f4 22. Bf5 Qc4 23. Qe2 Qxa2 24. Nb4 Qb3 25. Bxe4 f5 26. Qc2
Qxc2 27. Bxc2 Ne5 28. Kf1 a5 29. Nd3 Nxd3 30. Rxe8+ Rxe8 31. Rxd3 fxg3 32.
hxg3 a4 33. Rf3 Bh6 34. c4 Rc8 35. b3 a3 36. Bb1 a2 37. Bxa2 Ra8 38. Bb1
Ra1 39. cxb5 Rxb1+ 40. Ke2 Rb2+ 41. Ke1 Rd2 42. Rxf5 Rd3 43. g4 Rxb3 44. g5
Bg7 45. Ke2 Rxb5 46. Ke3 Rb7 47. Ke4 Rf7 48. Rxf7 Kxf7 49. Kf5 h6 50. g6+
Ke7 51. f4 Bf8 52. g7 Bxg7 53. Kg6 Bd4 54. f5 Be5 0-1

[Event "21st Delhi Open 2025"]
[Site "New Delhi IND"]
[Date "2025.06.14"]
[Round "10.16"]
[White "Ahaz E U"]
[Black "Aleksandrov, Aleksej"]
[Result "1-0"]
[BlackTitle "GM"]
[WhiteElo "2178"]
[BlackElo "2370"]
[EventDate "2025.06.07"]

1. d4 Nf6 2. c4 e6 3. Nf3 d5 4. g3 dxc4 5. Bg2 a6 6. O-O b5 7. Ne5 Nd5 8.
a4 c6 9. b3 cxb3 10. axb5 cxb5 11. Qxb3 Bb7 12. e4 Nf6 13. d5 exd5 14. exd5
Bd6 15. Nc6 Qc7 16. Re1+ Kf8 17. Ba3 h5 18. Na5 Ne8 19. Nxb7 Qxb7 20. Qe3
Nd7 21. Bxd6+ Nxd6 22. Qe7+ Kg8 23. Qxd6 Rh6 24. Qe7 Rf8 25. Nd2 b4 26. d6
Qb5 27. Nb3 h4 28. Ra5 Qd3 29. Qxd7 Rxd6 30. Qa4 Rb6 31. Rd5 Qc2 32. Rd2
Qc4 33. Bd5 Qc3 34. Qd7 Rf6 35. Re3 Qc8 36. Qxc8 Rxc8 37. Kg2 hxg3 38. hxg3
g6 39. Rf3 Rxf3 40. Kxf3 Kg7 41. Ra2 Rd8 42. Ke4 Rd6 43. Nc5 f5+ 44. Kd4
Kh6 45. Rxa6 Rd8 46. Rb6 Kh5 47. Rxb4 g5 48. Ke5 Re8+ 49. Ne6 Kg6 50. g4
1-0